000 00651cam a22001931 4500
001 000001256
005 20200929145524.0
008 870618s1969 it b 001 0 ita
040 _aDO-SdBNP
_cGU
_dDLC
082 _a335.4
_bS681m
100 1 _aSofri, Gianni
_94264
245 1 3 _aIl modo di produzione asiatico. :
_bStoria di una controversia marxista.
260 _aTorino, :
_bGiulio Einaudi,
_c1969.
300 _a193, [3] p. ;
_c18 cm.
490 0 _aPiccola biblioteca Einaudi,
_v121
504 _aIncluye referencias bibliográficas y notas al pie de las páginas
650 4 _aComunismo
_xHistoria
_94265
910 _aCatalogación por copia / LC
999 _c1199
_d1199